[Event "Arab-ch U14"]
[Site "Baghdad"]
[Date "2022.03.14"]
[Round "6"]
[White "Seder, Mohamad"]
[Black "Ameen, Mohamed Edan"]
[Result "1-0"]
[WhiteElo "1787"]
[BlackElo "1600"]
[PlyCount "89"]
[EventDate "2022.03.10"]
[EventType "swiss"]
[EventRounds "9"]
[EventCountry "IRQ"]
[SourceTitle "EXT 2023"]
[Source "ChessBase"]
[SourceDate "2022.10.05"]
[SourceVersion "1"]
[SourceVersionDate "2022.10.05"]
[SourceQuality "1"]

1. Nf3 c5 2. b3 d5 3. e3 Nc6 4. Bb2 Bf5 5. Bb5 e6 6. 0-0 Nf6 7. Ne5 Qc7 8. d3 Bd6 9. f4 Rg8 10. Bxc6+ bxc6 11. Nd2 h6 12. Qe2 Nd7 13. Nxd7 Qxd7 14. Rae1 0-0-0 15. Nf3 Bg4 16. c4 d4 17. h3 Bxf3 18. Qxf3 f6 19. a3 e5 20. f5 g6 21. e4 gxf5 22. Qxf5 Rg3 23. Qxd7+ Kxd7 24. Rf3 Rxf3 25. gxf3 Rb8 26. Rd1 Rxb3 27. Bc1 h5 28. Kf2 Rc3 29. Kg3 Rc2 30. Kh4 Rg2 31. Bd2 Be7 32. Kxh5 Ke6 33. f4 f5 34. exf5+ Kxf5 35. fxe5 Rg3 36. Rf1+ Ke6 37. h4 Rxd3 38. Bc1 Rh3 39. Kg4 Rxh4+ 40. Kf3 Kxe5 41. Re1+ Kd6 42. Bf4+ Kd7 43. Bc1 Kd6 44. Bf4+ Kd7 45. Rxe7+ 1-0

[Event "Arab-ch U14"]
[Site "Baghdad"]
[Date "2022.03.12"]
[Round "3"]
[White "Badieh, Mahmoud"]
[Black "Ameen, Mohamed Edan"]
[Result "1/2-1/2"]
[WhiteElo "1485"]
[BlackElo "1600"]
[PlyCount "87"]
[EventDate "2022.03.10"]
[EventType "swiss"]
[EventRounds "9"]
[EventCountry "IRQ"]
[SourceTitle "EXT 2023"]
[Source "ChessBase"]
[SourceDate "2022.10.05"]
[SourceVersion "1"]
[SourceVersionDate "2022.10.05"]
[SourceQuality "1"]

1. d4 d5 2. c4 c6 3. cxd5 cxd5 4. Nc3 Nf6 5. Nf3 Nc6 6. Bf4 a6 7. e3 Bg4 8. Be2 e6 9. 0-0 Bd6 10. Bg5 Be7 11. Rc1 0-0 12. a3 Rc8 13. b4 a5 14. Bxf6 gxf6 15. Na2 axb4 16. Nxb4 Nxb4 17. axb4 Rxc1 18. Qxc1 Bxb4 19. Qb2 Qa5 20. Ra1 Bc3 21. Rxa5 Bxb2 22. Rb5 Bc3 23. Rxb7 Ra8 24. h3 Bh5 25. Rc7 Bb4 26. Rc2 Ra1+ 27. Kh2 Bg6 28. Rb2 Ba5 29. Nh4 Be4 30. Bf3 Bd3 31. Be2 Bc4 32. Bh5 Bd3 33. Be2 Bxe2 34. Rxe2 Bc7+ 35. g3 Kf8 36. Rc2 Ra7 37. Ng2 Ke7 38. Nf4 Bxf4 39. gxf4 f5 40. Rc8 Kf6 41. Rg8 h6 42. h4 Ra2 43. Kg3 Ra1 44. Kg2 1/2-1/2

[Event "Arab-ch U14"]
[Site "Baghdad"]
[Date "2022.03.11"]
[Round "2"]
[White "Amrane, Abdellah"]
[Black "Ameen, Mohamed Edan"]
[Result "0-1"]
[WhiteElo "1576"]
[BlackElo "1600"]
[PlyCount "62"]
[EventDate "2022.03.10"]
[EventType "swiss"]
[EventRounds "9"]
[EventCountry "IRQ"]
[SourceTitle "EXT 2023"]
[Source "ChessBase"]
[SourceDate "2022.10.05"]
[SourceVersion "1"]
[SourceVersionDate "2022.10.05"]
[SourceQuality "1"]

1. e4 c5 2. Nf3 g6 3. d4 cxd4 4. Nxd4 Bg7 5. Nc3 Nc6 6. Be3 Nf6 7. f3 0-0 8. Qd2 d5 9. exd5 Nxd5 10. Nxd5 Qxd5 11. c4 Qe5 12. 0-0-0 Rd8 13. Nxc6 Rxd2 14. Nxe5 Rxd1+ 15. Kxd1 Bxe5 16. Kc1 Be6 17. b3 a6 18. Bd3 Rc8 19. Kd2 Bd7 20. f4 Bd6 21. Rc1 e5 22. fxe5 Bxe5 23. g3 Bg4 24. Re1 Bd6 25. Rc1 Ba3 26. Rf1 Rd8 27. Kc3 a5 28. Bg5 Re8 29. Kc2 Bc5 30. Bd2 b6 31. Bf4 Be6 0-1